| 000 | 00787nam a22002177a 4500 | ||
|---|---|---|---|
| 999 |
_c57851 _d57851 |
||
| 005 | 20210317144428.0 | ||
| 008 | 210317b2014 us ||||| |||| 00| 0 eng d | ||
| 080 | _a327 K-40 | ||
| 100 |
_aKeukeleire, Stephan. _910507 |
||
| 245 |
_aThe Foreign Policy of the European Union / _cStephan Keukeleire, Tom Delreux. |
||
| 250 | _aSecond edition. | ||
| 264 |
_aLondon : _bPalgrave Macmillan, _c2014. |
||
| 300 |
_a390 p. ; _c24 cm. |
||
| 500 | _aBibl. : p.334-367 | ||
| 500 | _aIndex. : p.369-390 | ||
| 653 | _aThe Foreign Policy of the European Union | ||
| 653 | _aევროკავშირის საგარეო პოლიტიკა | ||
| 653 | _aВнешняя политика Европейского Союза | ||
| 700 |
_aDelreux, Tom _910508 |
||
| 942 |
_2udc _cBK |
||